Desarrollo y subdesarrollo del derecho (Registro nro. 160684)

Detalles MARC
000 -CABECERA
campo de control de longitud fija 01283nam a2200253Ia 4500
001 - NÚMERO DE CONTROL
campo de control 160684
003 - IDENTIFICADOR DEL NÚMERO DE CONTROL
campo de control 255585
005 - FECHA Y HORA DE LA ÚLTIMA TRANSACCIÓN
campo de control 20250129093553.0
008 - DATOS DE LONGITUD FIJA--INFORMACIÓN GENERAL
campo de control de longitud fija ||||||n9999 ||| || ||
041 ## - CÓDIGO DE LENGUA
Código de lengua del texto/banda sonora o título independiente spa
082 ## - NÚMERO DE LA CLASIFICACIÓN DECIMAL DEWEY
Número de clasificación 347.51
100 ## - ENTRADA PRINCIPAL--NOMBRE DE PERSONA
Nombre de persona Means, Robert
9 (RLIN) 202177
245 #0 - MENCIÓN DE TÍTULO
Título Desarrollo y subdesarrollo del derecho
Resto del título Corporaciones y derecho corporativo en la Colombia del siglo XIX
250 ## - MENCIÓN DE EDICIÓN
Mención de edición Primera edición
504 ## - NOTA DE BIBLIOGRAFÍA, ETC.
Nota de bibliografía, etc. Incluye bibliografía e índice
520 ## - SUMARIO, ETC.
Sumario, etc. El libro del profesor Robert Charles Menas Desarrollo y subdesarrollo del Derecho. Corporaciones y derecho corporativo CI/ la Colombia del siglo XIX. trata un tema poco estudiado en el país y en América Latina: la relación entre el subdesarrollo económico y jurídico y el desarrollo de las sociedades comerciales y de las normas legales que reglamentan sus actividades. Además. Desde una óptica poco común en nuestro medio. La del Derecho comparado. Entre las normas de los países que siguen la tradición del Derecho civil y las de los que siguen la tradición del Derecho anglo-sajón.
562 ## - NOTA DE IDENTIFICACIÓN DE LA COPIA Y VERSIÓN
Número de copias 1
526 ## - NOTA DE INFORMACIÓN SOBRE EL PROGRAMA DE ESTUDIO
Nombre del programa 51868 - ADMINISTRACIÓN PÚBLICA - Presencial
526 ## - NOTA DE INFORMACIÓN SOBRE EL PROGRAMA DE ESTUDIO
Nombre del programa 1697 - ADMINISTRACIÓN PÚBLICA TERRITORIAL - A distancia
650 #0 - PUNTO DE ACCESO ADICIONAL DE MATERIA--TÉRMINO DE MATERIA
Término de materia o nombre geográfico como elemento de entrada Derecho comercial
9 (RLIN) 10745
650 ## - PUNTO DE ACCESO ADICIONAL DE MATERIA--TÉRMINO DE MATERIA
Término de materia o nombre geográfico como elemento de entrada DERECHO CORPORATIVO
9 (RLIN) 202178
650 ## - PUNTO DE ACCESO ADICIONAL DE MATERIA--TÉRMINO DE MATERIA
Término de materia o nombre geográfico como elemento de entrada HISTORIA--COLOMBIA
9 (RLIN) 167853
942 ## - ELEMENTOS DE PUNTO DE ACCESO ADICIONAL (KOHA)
Tipo de ítem Koha Libro
Existencias
Estado de retiro Estado de pérdida Estado dañado No para préstamo Código de colección Localización permanente Ubicación/localización actual Coste, precio normal de compra Total de préstamos Signatura topográfica completa Código de barras Número de copia Tipo de ítem Koha
        General Medellín - Sede Antioquia Medellín - Sede Antioquia 0.00   347.51 m48d ANT7831 1 Libro